000 00597nam a2200241Ia 4500
005 20250425162236.0
008 250425s9999 xx 000 0 und d
020 _a8426706452
041 _aspa
043 _asp
082 _a621.3815
100 _aBENDA, HANSJOCHEN
245 0 _aFUNDAMENTOS DE LOS SEMICONDUCTORES: ENSEÑANZA PROGRAMADA EP 13
250 _a1A ED.
260 _aBARCELONA
260 _aEspaña
_bMARCOMBO
_c1990
300 _a69
650 _aCIRCUITOS ELECTRICOS
650 _aLEYES DE KIRCHOFF
650 _aREDES ELECTRICAS
942 _c01
010 _a58561
999 _c225262
_d225262